书目信息 |
| 题名: |
环境空气PM2.5监测、预报与公众信息服务
|
|
| 作者: | 伏晴艳 | |
| 分册: | ||
| 出版信息: | 上海 上海交通大学出版社 2016 |
|
| 页数: | 195页 | |
| 开本: | 26cm | |
| 丛书名: | ||
| 单 册: | ||
| 中图分类: | X831 | |
| 科图分类: | ||
| 主题词: | 环境监测 | |
| 电子资源: | ||
| ISBN: | 978-7-313-13949-8 | |
| 000 | 00650nam0 2200205 450 | |
| 001 | 3704 | |
| 005 | 20160927091834.81 | |
| 010 | @a978-7-313-13949-8@b平装@dCNY68.00 | |
| 100 | @a20151001d2016 km y0chiy0120 ea | |
| 101 | 0 | @achi |
| 102 | @aCN@b310000 | |
| 200 | 1 | @a环境空气PM2.5监测、预报与公众信息服务@Ahuan jing kong qi PM2.5 jian ce、yu bao yu gong zhong xin xi fu wu@f伏晴艳@Ffu qing yan |
| 210 | @a上海@c上海交通大学出版社@d2016 | |
| 215 | @a195页@d26cm | |
| 330 | @a可吸入颗粒物·空气污染监测 | |
| 606 | 0 | @a环境监测 |
| 690 | @aX831@v4 | |
| 701 | 0 | @a伏晴艳@Afu qing yan |
| 801 | 0 | @aCN@b唐山师范学院图书馆@c20151001 |
| 905 | @aZUCC@dX831@e210 | |
| 环境空气PM2.5监测、预报与公众信息服务/伏晴艳.-上海:上海交通大学出版社,2016 |
| 195页;26cm |
| ISBN 978-7-313-13949-8(平装):CNY68.00 |
| 可吸入颗粒物·空气污染监测 |
| ● |
| 相关链接 |
|
|
|
|
正题名:环境空气PM2.5监测、预报与公众信息服务
索取号:X831/210
 
预约/预借
| 序号 | 登录号 | 条形码 | 馆藏地/架位号 | 状态 | 备注 |
| 1 | 906200 | 209062002 | 第二样本阅览室/ [索取号:X831/210] | 在馆 | |
| 2 | 906201 | 209062011 | 第三借阅区/ [索取号:X831/210] | 在馆 | |
| 3 | 906202 | 209062020 | 第三借阅区/ [索取号:X831/210] | 在馆 | |
| 4 | 906203 | 209062039 | 第三借阅区/ [索取号:X831/210] | 在馆 | |
| 5 | 906204 | 209062048 | 第三借阅区/ [索取号:X831/210] | 在馆 |